000 00719nam a2200217Ia 4500
001 15858
003 GE_BSU
008 181216s||||||||xx |||||||||||||| ||und||
040 _cGE_BSU
080 _a821.353.1-32
100 _aჭილაძე, თ.
245 _aვინ ცხოვრობს ვარსკვლავებზე
245 _bმოთხრობები
245 _cრედ.ნ.ლორთქიფანიძე.მხ.დ.ნოდია
260 _aთბილისი
260 _bნაკადული
260 _c1965
300 _a237გვ. ; 17სმ.
653 _aვინ ცხოვრობს ვარსკვლავებზე
942 _cBK
999 _c48955
_d48955